[Event "Bundesliga 0304"]
[Site "Germany"]
[Date "2004.03.06"]
[Round "10.8"]
[White "Van den Doel, Erik"]
[Black "Michaelsen, Nils"]
[Result "1-0"]
[WhiteElo "2609"]
[BlackElo "2440"]
[Annotator "Atlas,V"]
[PlyCount "77"]
[EventDate "2003.11.01"]
[EventType "team-tourn"]
[EventRounds "15"]
[EventCountry "GER"]
[SourceTitle "CBM 100"]
[Source "ChessBase"]
[SourceDate "2004.06.01"]
[SourceVersion "1"]
[SourceVersionDate "2004.06.01"]
[SourceQuality "1"]
[WhiteTeam "Porz"]
[BlackTeam "Hamburger SK"]
[WhiteTeamCountry "GER"]
[BlackTeamCountry "GER"]

1. e4 c5 2. Nf3 Nc6 3. d4 cxd4 4. Nxd4 e6 5. Nc3 Qc7 6. Be2 a6 7. O-O Nf6 8.
Be3 Bb4 9. Na4 Be7 10. Nxc6 bxc6 11. Nb6 Rb8 12. Nxc8 Qxc8 13. Bd4 c5 14. Be5
Rb6 15. Qd3 O-O 16. b3 d6 17. Bb2 Rd8 18. Rad1 Qa8 19. Rfe1 a5 20. Qe3 a4 21.
Bc4 axb3 22. axb3 Ng4 23. Qg3 Bf6 24. Bxf6 Nxf6 25. e5 Ne8 26. Bd3 g6 27. Qe3
Qc8 28. Ra1 Qc7 29. Ra4 Rb4 30. Rxb4 cxb4 31. Qd4 Rb8 32. f4 dxe5 33. Rxe5 Nd6
34. h4 h5 35. Bxg6 $5 {An interesting sacrifice yielding White a dangerous
initiative. Mit diesem interessanten Opfer erlange Weiß eine gefährliche
Initiative.} fxg6 36. Rxe6 {[%csl Gd4,Rd6,Ge6,Rg6,Rg8]} Nf5 37. Rxg6+ Kh7 38.
Qf6 Qxf4 $4 ({A terrible mistake, losing immediately. After Ein schrecklicher
Fehler, der sofort verliert. Nach} 38... Rf8 {Black retained equal chances:
behielte Schwarz gleiche Chancen:} 39. Qxf8 (39. Qg5 Ng7) 39... Kxg6 40. g4
Qb6+ $11) {[%tqu "En","How can White conclude the game?","Exploit the shaky
position of the enemy queen.","Use your rook for the final strike!","g6g7",
"This is very simple and very neat.",3,"De","Wie kann Weiß die Partie
beenden?","Nutzen Sie die unsichere Stellung der feindlichen Dame aus.",
"Versetzen Sie mit Ihrem Turm den entscheidenden Schlag!","g6g7","Ebenso
einfach wie hübsch.",3]} 39. Rg7+ $1 {[%csl Rf4,Rf5,Gf6,Gg7,Rh7] This simple
and elegant blow wins on the spot: Dieser ebenso simple wie elegante Schlag
gewinnt auf der Stelle:} (39. Rg7+ Nxg7 (39... Kh8 40. Rf7+ (40. Rg4+) 40...
Kg8 41. Qg6+ Kh8 42. Qh7#) 40. Qxf4 {, and Black's position is absolutely
hopeless. und die schwarze Stellung ist absolut hoffnungslos.}) 1-0

[Event "RUS-ch U20"]
[Site "Nojabrsk"]
[Date "2005.03.12"]
[Round "11"]
[White "Kurnosov, Igor"]
[Black "Popov, Ivan1"]
[Result "1-0"]
[WhiteElo "2538"]
[BlackElo "2476"]
[Annotator "Atlas,V"]
[PlyCount "87"]
[EventDate "2005.03.02"]
[EventType "tourn"]
[EventRounds "11"]
[EventCountry "RUS"]
[EventCategory "11"]
[SourceTitle "CBM 106"]
[Source "ChessBase"]
[SourceDate "2005.06.06"]
[SourceVersion "1"]
[SourceVersionDate "2005.06.06"]
[SourceQuality "1"]

1. e4 c5 2. Nf3 e6 3. d4 cxd4 4. Nxd4 Nc6 5. Nc3 Qc7 6. f4 a6 7. Be3 b5 8. Be2
Bb7 9. Bf3 d6 10. f5 Nxd4 11. Qxd4 e5 $6 (11... Nf6 {was to be preferred. war
vorzuziehen.}) 12. Nd5 $1 Qa5+ (12... Qxc2 {is strongly met by findet die
starke Riposte} 13. Qb6 {, with a dangerous initiative. mit gefährlicher
Initiative.}) 13. Bd2 Qd8 14. Qd3 Nf6 15. Nxf6+ gxf6 16. a4 $1 bxa4 17. Rxa4
Qd7 18. b3 Be7 $6 (18... h5 {/\Bh6 was more tenacious. /\Bh6 war hartnäckiger.}
) 19. O-O Bd8 20. Kh1 Ke7 21. Rd1 Bc7 22. Be3 Rhd8 23. c4 {Fixing the pawn on
d6 and obtaining a decisive advantage. Fixiert den Bauern auf d6 mit
entscheidendem Vorteil.} Qc6 24. Bf2 Bb6 25. Bh4 Qc5 26. Qd2 Qe3 27. Rb4 $1 Bc6
{[%tqu "En","How should White use the power of his active pieces?","Black's
Achilles' heel is the weak f6-pawn...","Use your b4-rook to bring your queen
into attack.","b4b6","This stong move yields White a decisive advantage.",6,
"De","Wie soll Weiß die Kraft seiner aktiven Figuren zur Geltung bringen?",
"Die schwarze Achillesferse ist der schache f6-Bauer...","Setzen Sie Ihren
Turm b4 ein, um die Dame in den Angriff einschalten zu können.","b4b6","Dieser
starke Zug bringt Weiß in entscheidenden Vorteil.",6]} 28. Rxb6 $1 {[%csl Re7,
Rf6,Rf7][%cal Gd2h6,Gh4e7] The exchange sacrifice discloses weaknesses in
Black's defensive construction on the kingside and decides the game for White.
Das Qualitätsopfer enthüllt Schwächen in der schwarzen Defensivkonstruktion am
Königsflügel und entscheidet die Partie für Weiß.} Qxb6 29. Qh6 $1 {The
f6-pawn is defenseless. Der Bauer f6 ist nicht zu decken.} Kd7 30. Bxf6 Kc7 (
30... Re8 {falls short of scheitert an} 31. Bxe5 Rxe5 32. Qxd6+) 31. Bxd8+ Rxd8
32. Qxh7 Rd7 33. Rb1 Qf2 34. f6 Kb7 35. Qh6 Qc2 36. Qc1 Qxc1+ 37. Rxc1 {
The ending is absolutely hopeless for Black. Das Endspiel ist absolut
hoffnungslos für Schwarz.} Rd8 38. g4 Rg8 39. h4 Kb6 40. Rd1 Kc5 41. Kh2 Bxe4
42. Bxe4 Rxg4 43. Bg2 Rxh4+ 44. Kg3 1-0

[Event "Olympiad-31"]
[Site "Moscow"]
[Date "1994.12.12"]
[Round "11.1"]
[White "Ye, Jiangchuan"]
[Black "Timman, Jan H"]
[Result "0-1"]
[WhiteElo "2575"]
[BlackElo "2635"]
[Annotator "Belov,I"]
[PlyCount "74"]
[EventDate "1994.12.01"]
[EventType "team-swiss"]
[EventRounds "14"]
[EventCountry "RUS"]
[SourceTitle "CBM 045"]
[Source "ChessBase"]
[SourceDate "1995.04.01"]
[SourceVersion "1"]
[SourceVersionDate "1995.04.01"]
[SourceQuality "1"]
[WhiteTeam "China"]
[BlackTeam "Netherlands"]
[WhiteTeamCountry "CHN"]
[BlackTeamCountry "NED"]

1. e4 {Ribli} c5 2. Nf3 e6 3. d4 cxd4 4. Nxd4 Nc6 5. Nc3 a6 6. Be2 Qc7 7. O-O
Nf6 8. Be3 Bb4 9. Na4 O-O (9... Be7 $5 {Ribli}) 10. Nxc6 bxc6 11. f4 (11. Nb6
Rb8 12. Nxc8 Rfxc8 13. Bxa6 Rd8 (13... Rf8 $1 $13 {Ribli}) 14. Bd3 Bd6 15. f4
e5 16. f5 Rxb2 17. g4 Qa5 $1 18. g5 Bc5 $13 {Watson,W-Jansa,V/Herning/1991/1:0/
38/}) (11. c4 Bd6 12. f4 Nxe4 13. Bd3 Nf6 14. Bb6 $1 (14. c5 Be7 15. Bd4 Rd8
16. Rf3 Rb8 17. a3 Kf8 18. Qc2 d6 19. Re1 $44 {Timoshenko,G-Tregubov,P/Alushta/
1994/0:1/38/}) 14... Qb8 15. Bd4 $16 {Rogers,I-Van Mil,J/Wijk aan Zee/1993/1:0/
54/}) (11. c4 $5 {Ribli Rogers,I-Van Miel,J/Wijk Sonnevanck/1993/CBM40/INF59,
210/}) 11... Be7 (11... Rb8 12. Bd3 Be7 13. c4 d6 14. g4 (14. c5 dxc5 15. Rc1
e5 16. f5 Rd8 17. Qe2 $14 {Wojtkiewicz,A-Gdanski,J/POL-ch/1992/}) 14... c5 15.
g5 Nd7 16. Rf2 g6 17. h4 $36 {Shirov,A-Hjartarson,J/Luzern/1993/1:0/40/}) 12.
Bf3 (12. Bb6 {Ribli} Qb8 13. e5 Nd5 14. Bd4 d6 $13 {Ehlvest,J-Ribli,Z/
Clermont-Ferrand/1989/CBM14/}) (12. Bd3 {Ribli} c5 13. c4 d6 14. Nc3 Bb7 15.
Qf3 $13 {Kuczynski,R-Ribli,Z/Tilburg/1992/CBM32/}) 12... d5 $5 {N/} (12... Rb8
13. c4 d6 14. Qd2 (14. Qc2 {Ribli} c5 15. Rad1 Bb7 16. Nc3 $10 {Khalifman,
A-Salov,V/Wijk cm/1994/CBM39/INF59,(209)/}) (14. c5 $5) 14... c5 15. Rad1 Bb7
16. Nc3 Rbd8 17. Qf2 Nd7 $10 {Khalifman,A-Salov,V/Wijk ann Zee(m/2)/1994/0,5/
29/}) 13. e5 Nd7 14. c4 $14 Rb8 (14... a5 15. Rc1 Qb8 (15... Ba6 $2 16. cxd5
exd5 (16... Bxf1 {Ribli} 17. d6 $18) 17. Rf2 $16) 16. Rf2 Ba6 17. Rfc2 $14) 15.
a3 $6 (15. Rc1 Qb7 16. Rf2 $14 (16. Rf2 {Ribli} Qa8 17. Rfc2 $14)) 15... a5 16.
Rc1 Qb7 17. Rc3 (17. Rf2 Qb3 18. Qxb3 Rxb3 19. Bd2 Nc5 $132) 17... Qa8 18. Rf2
Ba6 19. Rd2 (19. Rfc2 Rfc8 20. cxd5 cxd5 21. Qd2 $5) 19... Rfd8 (19... Bxc4 $2
20. Rxc4 dxc4 21. Rxd7 $18) (19... f6 $6 20. cxd5 cxd5 21. Rxd5 $1 $18) 20. Be2
(20. cxd5 cxd5 21. Qc1 Bb5 $10) 20... Qb7 (20... Bf8 $5 {Ribli} 21. cxd5 cxd5
22. Rc7 Rb7 23. Rdc2 Bc4 $1 24. Rxb7 (24. R2xc4 $2 dxc4 25. Bf3 Nxe5 $19) 24...
Bxe2 25. Qxe2 Qxb7 $10) 21. Qc2 Qa8 22. h3 g6 $10 23. Kh2 (23. Kh1 $5 $14 {
Ribli}) 23... Bf8 24. Qc1 Bh6 $1 25. Qg1 $6 (25. cxd5 Bxe2 26. Rxe2 cxd5 27.
Rc7 (27. Rec2 $5) 27... Qa6 28. Rec2 $13) (25. Qf1 $5 {Ribli}) 25... c5 $1 26.
cxd5 $8 exd5 27. Bf3 (27. Nxc5 Nxc5 28. Rxc5 d4 29. Bxa6 dxe3 30. Rxd8+ Rxd8
31. Be2 Bxf4+ 32. g3 Bh6 $17) (27. Bxa6 {Ribli} d4 $1 $17) 27... Bb7 28. Nxc5
$8 Nxc5 29. Rxc5 d4 $1 30. Bxb7 Qxb7 31. Qd1 $2 (31. Rxd4 Rxd4 32. Bxd4 Bxf4+ (
32... Qe4 {Ribli} 33. g3 Rd8 34. Be3 Rd3 35. Rc3 Rxc3 36. bxc3 Bf8 $44) 33. Kh1
(33. g3 Bh6 (33... Bh6 34. Qf2 $14)) 33... Qe4 $36) 31... Qe4 $19 32. Rxd4 $8
Bxf4+ $1 33. Kh1 (33. Bxf4 Rxd4 $19) (33. g3 Bxg3+ 34. Kxg3 Qxe3+ $19) 33...
Rxd4 34. Bxd4 Rd8 35. Rc4 Bxe5 (35... Be3 $19 {Ribli}) 36. Bg1 $8 Rxd1 37. Rxe4
Bc7 $1 0-1

[Event "Bern op"]
[Site "Bern"]
[Date "1992.??.??"]
[Round "4"]
[White "Arakhamia Grant, Ketevan"]
[Black "Cramling, Pia"]
[Result "0-1"]
[WhiteElo "2445"]
[BlackElo "2530"]
[Annotator "Blatny,P"]
[PlyCount "68"]
[EventDate "1992.02.??"]
[EventType "swiss"]
[EventRounds "9"]
[EventCountry "SUI"]
[SourceTitle "CBM 028"]
[Source "ChessBase"]
[SourceDate "1992.06.01"]
[SourceVersion "1"]
[SourceVersionDate "1992.06.01"]
[SourceQuality "1"]

1. e4 c5 2. Nf3 e6 3. d4 cxd4 4. Nxd4 Nc6 5. Nc3 Qc7 6. Be2 a6 7. Be3 {[+]} (7.
a4 {><b4}) 7... b5 8. O-O Bb7 (8... b4 $2 9. Na4 {גa7-e3}) 9. a3 Nf6 10. f4
Nxd4 11. Qxd4 (11. Bxd4 Bc5 {/^a7-g1}) 11... h5 12. h3 (12. e5 Ng4 $40) 12...
h4 13. Rad1 (13. e5 Nd5 (13... Nh5 $5 {/\Ng3} 14. Bxh5 $1 Rxh5 15. Rad1 $14)
14. Nxd5 Bxd5 {/\Rc8=/+}) 13... Rc8 14. Bf3 Be7 15. Rf2 (15. e5 Ng8 {/\Nh6-f5})
15... d6 16. Qd2 {/\Qe1,Rfd2,Bf2 -> קh4,d6} O-O 17. Qe1 Nd7 $1 {/\Nb6-c4 -><<}
18. Rfd2 Nb6 19. b3 $2 (19. Bf2 Nc4 $19) (19. Be2 d5 $132 (19... Nc4 20. Bxc4
Qxc4 21. Bf2 $1)) (19. Bxb6 Qxb6+ {=/+/-/+ ^^}) 19... Nd7 (19... Qxc3 $6 20.
Bxb6 $15) 20. Ne2 (20. Rd3 Nc5 $19) (20. Bd4 e5 21. fxe5 dxe5 22. Nd5 Bxd5 23.
exd5 Bg5 (23... exd4 $2 24. Qxe7) 24. Be3 Bxe3+ 25. Qxe3 Qd6 {/\f5-/+}) 20...
Nf6 $1 {קe4} 21. Nd4 (21. Rd4 Qxc2 (21... e5 $36)) 21... Nxe4 22. Bxe4 Bxe4
23. Bf2 d5 24. Bxh4 Bd6 $1 25. f5 (25. g3 {גa8-h1} Bxa3 $19) 25... exf5 26.
Qf1 Bf4 27. Re2 g6 28. Be1 Rfe8 29. Bd2 Be5 30. Nf3 Bg7 $19 {^^,קc2,a3} 31.
Bg5 Qc5+ 32. Be3 Qxa3 33. Ng5 Bxc2 34. Rxd5 Qxb3 0-1

[Event "Alushta3"]
[Site "Alushta"]
[Date "1993.??.??"]
[Round "?"]
[White "Sokolov, Andrei"]
[Black "Tregubov, Pavel V"]
[Result "0-1"]
[WhiteElo "2525"]
[BlackElo "2475"]
[Annotator "Blatny,P"]
[PlyCount "96"]
[EventDate "1993.08.??"]
[EventType "tourn"]
[EventRounds "11"]
[EventCountry "UKR"]
[EventCategory "9"]
[SourceTitle "CBM 038"]
[Source "ChessBase"]
[SourceDate "1994.02.01"]
[SourceVersion "1"]
[SourceVersionDate "1994.02.01"]
[SourceQuality "1"]

1. e4 c5 2. Nf3 e6 3. d4 cxd4 4. Nxd4 Nc6 5. Nc3 Qc7 6. Be3 a6 7. Be2 Nf6 8.
O-O Bb4 9. Na4 O-O 10. Nxc6 bxc6 11. f4 (11. c4 Be7 (11... Nxe4 12. c5 $1 Qe5 (
12... Qb8 13. Nb6 Ra7 14. Qa4 $1 a5 15. Nxc8 Rxc8 16. a3 Nxc5 17. Qc2 $18 {_|_}
) 13. Bd4 Qf4 14. Nb6 (14. Bxg7 $2 {( !+/- ECO )} Kxg7 15. Qd4+ e5 16. Qxb4 Ng3
$1 17. Bc4 $8 Nxf1 18. Rxf1 Qd4 $17) 14... Ra7 15. g3 Qg5 16. Qc2 $1 $44) 12.
Bf3 $5 (12. Qc2 c5 13. f4 d6 14. Bf3 Bb7 15. Nc3 Rad8 $10) 12... d6 13. c5 $1
d5 14. Nb6 Rb8 15. Qa4 $14 {Hazai,L-Fogarasi,T/Budapest/1992/}) 11... Rb8 12.
Bd3 (12. e5 $2 Nd5 13. Bc1 f6 $132) 12... Be7 13. c4 (13. e5 Nd5 $13) 13... e5
$5 (13... d6 14. c5 $1 dxc5 15. Rc1 e5 16. f5 {+/=/+/- Wojtkiewicz,A-Gdanski,J/
Poland (ch)/1992/}) 14. fxe5 (14. c5 $5 d5 (14... Rb4 15. a3 $1 $16 (15. Bd2 $6
Rxa4 $1 16. Qxa4 Bxc5+ 17. Kh1 Ng4 $40)) 15. cxd6 Bxd6 16. f5 Rd8 17. Qe2 $14)
14... Qxe5 15. Rf5 $6 (15. Bf4 $142 Qd4+ 16. Kh1 d6 $2 (16... Rb4 $1 17. e5 Ne4
18. Qc2 Rxa4 19. b3 $1 (19. Bxe4 Rxc4 20. Bxh7+ Kh8 21. Qf5 d5 22. Qh5 Bg4 $1
$8 23. Qxg4 Kxh7 $13) 19... Nf2+ $1 20. Qxf2 Qxf2 21. Rxf2 Rb4 22. Rd1 {+/=/+/-
}) 17. e5 $1 dxe5 18. Bxh7+ Kxh7 19. Qxd4 exd4 20. Bxb8 Be6 21. Ba7 $16) 15...
Qe6 16. Qf3 (16. e5 g6 $1 $132) 16... d6 (16... g6 $2 17. Nc5 Bxc5 18. Bxc5
gxf5 19. Qg3+ Ng4 20. exf5 $1 $18) 17. Nb6 Nd7 $1 (17... g6 18. Nd5 $5 (18. Bd4
Nxe4 $140 $2 (18... Rxb6 $5 $13) 19. Bxe4 gxf5 20. Bxf5 $3 {/\Nxc8+-}) 18...
gxf5 19. exf5 Qe5 20. Nxe7+ Qxe7 21. Qg3+ Kh8 22. Re1 $1 Re8 23. Re2 Qe5 24.
Qh4 $40 Ne4 (24... Rxb2 25. Bg5 $1 $18) 25. Bxe4 Rxb2 26. Bg5 $1 Rxe2 27. Bf6+
Qxf6 28. Qxf6+ Kg8 29. Qg5+ Kh8 (29... Kf8 30. Bxc6 Re1+ 31. Kf2 R8e2+ 32. Kg3
$18) 30. f6 Rg8 31. Qh4 $18) 18. Nxd7 (18. Nxc8 Rfxc8 $15) 18... Bxd7 19. Bd4
$2 (19. Qf2 $142 $15) 19... c5 20. Bc3 Qg6 21. Qh3 (21. Rf4 Bg5 22. e5 Qh6 23.
Re4 Bc6 $19) 21... Bg5 $1 (21... Bxf5 $6 22. exf5 Qh6 23. Qxh6 gxh6 24. f6 Bd8
25. Re1 $44) (21... h6 22. Raf1 Bxf5 23. exf5 Qg5 24. f6 $1 Bxf6 25. Bxf6 gxf6
26. Rf5 $1 (26. Rf3 Kh8 $1) 26... Qd2 27. Rf2 Qc1+ 28. Rf1 Qg5 (28... Qxb2 $4
29. Qg4+ Kh8 30. Qf5 $18) 29. Rf5 $10) 22. e5 (22. Rxg5 $4 Qxg5 23. Qxd7 Qe3+
$19) 22... Bxf5 23. Bxf5 Qh6 24. exd6 (24. Qxh6 Bxh6 25. exd6 g6 $1 (25... Rfd8
26. Ba5 $1) 26. Bg4 Bg7 $1 $17) 24... Qxh3 25. Bxh3 Rbd8 26. Rd1 (26. Be5 f5
$19 {_|_}) 26... Be3+ 27. Kf1 Bd4 28. Rxd4 $1 $8 (28. d7 f5 $19) 28... cxd4 29.
Bb4 a5 30. Ba3 $2 (30. Bc5 $142 Rfe8 (30... f5 $1 $17) 31. d7 Re6 (31... Re4 $2
32. Bb6 d3 33. Bxa5 $1 $16) 32. Bxe6 fxe6 33. Bxd4 Rxd7 34. Bc3 a4 35. Ke2 $15
{_|_}) 30... Rfe8 31. c5 d3 $19 32. c6 d2 33. Bg4 Re1+ 34. Kf2 d1=Q 35. Bxd1
Rxd1 36. d7 (36. c7 Re8 {/\f6,Kf7-e6-d7 -+}) 36... f5 37. b4 axb4 38. Bxb4 Kf7
39. a4 Ke6 $6 (39... Ra8 {/\Ke6-+}) 40. c7 R1xd7 41. cxd8=Q Rxd8 42. a5 g6 43.
Bc5 Rd2+ 44. Kf3 Ra2 45. Bb6 Ra3+ 46. Kf4 Ra4+ 47. Kf3 g5 48. Bd8 h6 0-1

[Event "Hamburg SKA"]
[Site "Hamburg"]
[Date "1991.07.05"]
[Round "8"]
[White "Mueller, Karsten"]
[Black "Cramling, Pia"]
[Result "1-0"]
[WhiteElo "2425"]
[BlackElo "2470"]
[Annotator "Blatny,P"]
[PlyCount "101"]
[EventDate "1991.06.27"]
[EventType "tourn"]
[EventRounds "13"]
[EventCountry "GER"]
[EventCategory "11"]
[SourceTitle "CBM 024"]
[Source "ChessBase"]
[SourceDate "1991.10.01"]
[SourceVersion "1"]
[SourceVersionDate "1991.10.01"]
[SourceQuality "1"]

1. e4 c5 2. Nf3 e6 3. d4 cxd4 4. Nxd4 Nc6 5. Nc3 Qc7 6. Be2 (6. Be3 a6 7. f4 b5
8. Nxc6 Qxc6 9. Be2 Bb7 10. Bf3 Qc4 (10... Rc8 {--> INF 46/238}) 11. e5 Bxf3
12. Qxf3 Rc8 13. O-O-O Ne7 14. Rd4 Qc6 15. Qxc6 dxc6 $15 {Anand-Timman, Novi
Sad (ol) 1990 --> ChessBase: Novi Sad(ol)}) 6... a6 7. O-O Nf6 8. Be3 Bb4 9.
Na4 (9. f4 {--> Kontic-Horvath CBM24}) 9... O-O (9... Be7 {-->
Varavin-Rublevsky}) 10. Nxc6 (10. c4 Bd6 11. Nf3 Ng4 12. Bb6 Bxh2+ 13. Kh1 Qf4
14. g3 Bxg3 15. fxg3 Qxg3 $44 {Nei-Furman, Tallin 1971}) 10... bxc6 (10... dxc6
11. c4 Bd6 12. f4 Nxe4 13. c5 Be7 14. Qc2 f5 15. Nb6 Rb8 16. g4 Bd7 17. Bd3 Be8
18. Bxe4 fxe4 19. Qxe4 $14 {Tal-Suetin, Sochi 1973}) 11. Nb6 Rb8 12. Nxc8 Rfxc8
(12... Qxc8 $6 13. e5 Nd5 14. Ba7 Ra8 15. Bd4 c5 16. c4 cxd4 17. cxd5 $16 {
^- Taimanov}) 13. Bxa6 Rf8 (13... Rd8 14. Bd3 Bd6 15. Kh1 (15. f4 e5 16. f5 (
16. b3 exf4 17. Bd4 Be5 18. Bxe5 Qxe5 19. Qf3 d5 $10) 16... Rxb2 17. g4 h6 18.
h4 $13) 15... Be5 16. c3 (16. f4 Bxb2 17. Rb1 c5 18. f5 d5 $36) 16... Rxb2 17.
Qc1 Ng4 $13 {Tal-Liberzon, Skara 1980}) (13... Re8 14. Bd3 Bd6 15. Kh1 (15. f4
e5 16. f5 Rxb2 $10) 15... Be5 16. c3 Rxb2 17. Qc1 Qb7 18. f4 Bc7 19. e5 Nd5 20.
Bc5 $14 {Kochiev}) 14. Bd3 Bd6 15. f4 e5 16. f5 Rxb2 17. g4 Qa5 (17... h6 18.
h4 $40) 18. g5 Ne8 19. Kh1 Bc5 20. Bxc5 Qxc5 21. Qg4 Nc7 22. a4 Ra8 23. g6 fxg6
24. fxg6 Ne6 25. gxh7+ Kh8 26. Rf7 Rf8 27. Rxd7 Qe3 28. Rg1 g5 29. Re7 Nd4 $2 (
29... Nf4 $142 {/\ Nh3 <=>}) 30. Qxg5 Qxg5 31. Rxg5 Nf3 32. Rg8+ Rxg8 33.
hxg8=Q+ Kxg8 34. a5 $18 {_|_} Kf8 35. Rc7 Ra2 36. a6 Ra1+ 37. Kg2 Ne1+ 38. Kg3
Nxd3 39. a7 Nc5 40. Rc8+ Ke7 41. a8=Q Nxe4+ 42. Kg4 Rxa8 43. Rxa8 Ke6 44. h4
Nf6+ 45. Kg5 e4 46. Kf4 Kd5 47. Rd8+ Kc4 48. Rd6 Nh5+ 49. Kxe4 c5 50. Rd3 Kb4
51. Rf3 1-0

[Event "Terrassa"]
[Site "Terrassa"]
[Date "1990.??.??"]
[Round "10"]
[White "Illescas Cordoba, Miguel"]
[Black "Cramling, Pia"]
[Result "1/2-1/2"]
[WhiteElo "2530"]
[BlackElo "2470"]
[Annotator "Boensch,U"]
[PlyCount "50"]
[EventDate "1990.04.??"]
[EventType "tourn"]
[EventRounds "11"]
[EventCountry "ESP"]
[EventCategory "11"]
[SourceTitle "CBM 019"]
[Source "ChessBase"]
[SourceDate "1990.12.01"]
[SourceVersion "1"]
[SourceVersionDate "1990.12.01"]
[SourceQuality "1"]

1. e4 {Bönsch} c5 2. Nf3 e6 3. d4 cxd4 4. Nxd4 Nc6 5. Nc3 Qc7 6. Be2 a6 7. O-O
Nf6 8. Be3 Bb4 9. Na4 (9. Nxc6 bxc6 10. Qd4 Bd6 (10... c5 $5) 11. f4 e5 12. Qd2
O-O 13. Rad1 exf4 14. Qxd6 Qxd6 15. Rxd6 fxe3 16. e5 Ne8 17. Rd3 Rb8 {Spasov -
Zapata, Manila izt 1990}) 9... O-O 10. Nxc6 bxc6 11. Nb6 Rb8 12. Nxc8 Rfxc8 13.
Bxa6 Rf8 14. Bd3 (14. Qd3 Ng4 15. g3 Qa5 16. Bc4 Be7 $2 {Hübner - Ribli, BL
1987} (16... Nxe3 17. Qxe3 Bc5 18. Qc1 Qb4 19. b3 Bd4 20. Rb1 f5 $146 {( Ribli
), - Inf.43/234})) 14... Bd6 15. f4 e5 16. b3 (16. f5 Rxb2 17. g4 Qa5 18. g5
Ne8 19. Qe1 Bb4 20. Qh4 Bd2 21. Bxd2 Qxd2 22. a4 f6 23. g6 h6 24. a5 {Enders -
Horvath,Cs Köbanya 1987}) 16... exf4 17. Bd4 f3 $1 $10 (17... Be5 18. Bxe5 Qxe5
19. Qf3 g5 20. g3 $16) 18. e5 (18. Bxf6 $2 Bxh2+ 19. Kh1 fxg2+ 20. Kxg2 Qg3+
21. Kh1 Qh3 22. Rf3 Bg3+ 23. Kg1 Qh2+ 24. Kf1 gxf6 $17) (18. Qxf3 Bxh2+ 19. Kh1
Be5) (18. gxf3 $5) 18... f2+ (18... Bxe5 19. Bxe5 Qxe5 20. Qxf3 $14) 19. Rxf2
Bxe5 20. Bxe5 Qxe5 21. Kh1 Rbe8 22. Rf5 $10 Qc3 (22... Qd4 23. Qg1 $14) 23. Rf3
Qe5 24. Rf5 Qc3 25. Rf3 Qe5 1/2-1/2

[Event "Hoogovens"]
[Site "Wijk aan Zee"]
[Date "1984.01.24"]
[Round "9"]
[White "Beliavsky, Alexander G"]
[Black "Andersson, Ulf"]
[Result "1/2-1/2"]
[WhiteElo "2565"]
[BlackElo "2630"]
[Annotator "Bulletin"]
[PlyCount "99"]
[EventDate "1984.01.13"]
[EventType "tourn"]
[EventRounds "13"]
[EventCountry "NED"]
[EventCategory "13"]
[SourceTitle "MCL"]
[Source "ChessBase"]
[SourceDate "1999.07.01"]
[SourceVersion "1"]
[SourceVersionDate "1999.07.01"]
[SourceQuality "1"]

1. e4 c5 2. Nf3 e6 3. d4 cxd4 4. Nxd4 Nc6 5. Nc3 a6 6. Be2 Qc7 7. O-O Nf6 8.
Be3 Bb4 9. Na4 Be7 10. Nxc6 bxc6 11. Nb6 Rb8 12. Nxc8 Qxc8 13. e5 Nd5 14. Bc1
Bc5 15. Qd3 $6 (15. c4 $142) 15... Qc7 $1 (15... O-O) 16. Qe4 a5 17. c4 Ne7 18.
Kh1 (18. b3 a4 $15) 18... O-O 19. Bd3 Ng6 20. f4 d6 $1 (20... d5 $2 21. Qe2 $14
) 21. exd6 Qxd6 22. b3 (22. f5 $5) 22... f5 $1 $15 23. Qe2 Rbe8 24. Bc2 $6 (24.
Be3 $15) 24... e5 25. fxe5 Rxe5 26. Qd2 $1 Qe7 (26... Qe6 27. Bb2 Re2 28. Qc3)
(26... Qxd2 27. Bxd2 Re2 28. Rad1 {P d3 / f5} Rd8 29. Bxa5 $10 Ra8 30. Bd3) (
26... Qd4 27. Rb1 $15) 27. Qg5 Qxg5 $6 (27... Qe6 28. Bb2 $8 Re2 29. Bxf5 Qe7
$1 (29... Rxf5 30. Qxf5) 30. Qxe7 Nxe7 31. Bxh7+ $15) (27... Bd4 $1 28. Qxe7 (
28. Rb1 Re2 $1 29. Bxf5 $140 $2 Rf2 $1 $19) 28... Nxe7 29. Rb1 Re2 $17 {<-> a2}
) 28. Bxg5 f4 29. Bxg6 Rxg5 30. Be4 $15 Rf6 31. Rad1 Re5 32. Bf3 Kf7 33. g3 $1
fxg3 34. hxg3 Ke7 35. Kg2 Re3 36. Bh5 Rxf1 37. Rxf1 g6 38. Bf3 Kd6 39. Rh1 h5
40. g4 $1 $10 hxg4 41. Bxg4 Re4 42. Bf3 Re6 (42... Rd4 $2 43. Rh6) 43. Bg4 Re5
44. Rh6 Rg5 45. Kf3 Bb4 46. Rh2 Bc3 47. Re2 Be5 48. a3 Kc5 49. Rg2 Bd4 50. Bd7
1/2-1/2